| 000 | 00508nam a2200181Ia 4500 | ||
|---|---|---|---|
| 005 | 20250326142132.0 | ||
| 008 | 250326s9999 xx 000 0 und d | ||
| 037 | _aTextbook | ||
| 040 |
_aFMSL _beng _cFMSL |
||
| 041 |
_aeng _2eng |
||
| 084 |
_aT _(X:8) M0 _qFMSL |
||
| 100 |
_aA L U _9745638 |
||
| 245 | 0 |
_aStatus report series : Internal management Universities _cA L U |
|
| 260 |
_aNew Delhi _bNew Delhi, A O I U _c1980 |
||
| 300 | _a142p | ||
| 942 |
_cTB _hT _(X:8) M0 |
||
| 999 |
_c1293602 _d1293602 |
||